[Event "Reykjavik Open"]
[Site "Reykjavik"]
[Date "2017.04.25"]
[Round "8"]
[White "Hambleton, Aman"]
[Black "Van Foreest, Jorden"]
[Result "1/2-1/2"]
[WhiteElo "2434"]
[BlackElo "2584"]
[Annotator "Aman Hambleton"]
[PlyCount "119"]
[EventDate "2017.??.??"]
[EventCountry "ISL"]

{[%mdl 32768] Besides my only loss in the event (a very early blunder against
GM Movsesian 2677), the other game where I was in big trouble was in round 8
against the young Dutch talent and current Dutch Champion GM Jorden Van
Foreest. He's also a good friend of mine and even competed on the Montreal
Chessbrah PROchess team for a few matches. Having just won my previous game, I
had 5.5/7 and was in great shape to secure a norm with either 0.5 or 1 point
in the next few games.} 1. d4 Nf6 2. c4 g6 3. Nc3 Bg7 4. e4 d6 5. f3 {I
employed the Saemisch variation of the KID, something which I have done as
long as I can remember in the database. Naturally, this type of guaranteed
repetition allows for my opponents to prepare extremely deep variations for me.
} O-O 6. Be3 e5 7. Nge2 c6 8. Qd2 exd4 9. Nxd4 {[#] So far my opponent had
been moving instantly, and although I knew the opening theory as well, I was
hesitant. I knew that my opponent had prepared a dangerous variation, but I
couldn't identify where it would be.} d5 $5 (9... Re8 {is usually included
before trying to play ...d5, in order to prevent White's response cxd5 cxd5
and e5.} 10. Rd1 d5 11. cxd5 cxd5 12. Nc2 $14) 10. cxd5 (10. exd5 cxd5 11. g4
Nc6 $13) 10... cxd5 11. e5 {The most natural reaction, forcing Black's N to
move to the undesireable e8-square.} Ne8 {[#]} 12. f4 (12. Bg5 Qd7 13. Bb5 Nc6
14. Rc1 Nc7 $11 {gives Black great play against a loose pawn center.}) 12... f6
13. exf6 (13. e6 {is a major alternative, which I knew about, but I didn't
have any specific preparation here and it felt risky to enter a line where I
am sacrificing a pawn (often 2!) without any guidelines.} Nc6 14. f5 gxf5 15.
Be2 Nxd4 16. Bxd4 Bxe6 17. O-O $13) 13... Nxf6 14. Be2 {It is necessary to
control the important g4-square.} Nc6 15. O-O Re8 {[#] Although none of the
moves are incredibly difficult, I should stress that my opponent was moving
instantly and I was spending a lot of time calculating the many complicated
sacrifices involving ...Rxe3. It's always scarier to play a position when you
know your opponent has so recently seen the computer evaluation at home!} 16.
Kh1 (16. Rad1 Ng4 17. Bxg4 Bxg4 18. Rde1 Rxe3 19. Nxc6 bxc6 20. Qxe3 d4 {
looked very powerful, but it turns out that White can salvage equality e.g.}
21. Qg3 dxc3 22. Qxg4 Qb6+ 23. Kh1 cxb2 24. f5 $11) 16... Ng4 17. Bxg4 Bxg4 {
[#]} 18. Bf2 (18. f5 Rxe3 19. Nxc6 bxc6 20. Qxe3 Bxf5 $13 {is what my opponent
told me was the end of his preparation. The computer gives 0.00 but Black
clearly has great compensation with the pair of Bishops, mobile pawn center,
and open b-file.}) (18. Bg1 Qf6 19. Nxd5 Qd8 20. Nf3 Bxf3 21. gxf3 {may have
just been a slightly improved version of what happened in the game.}) 18... Qf6
19. Nxd5 {Simplifying into a slightly worse endgame, but I considered that the
lesser of the evils, bearing in mind that I was down more than an hour on the
clock.} Qd8 20. Nf3 (20. Ne3 Rxe3 21. Qxe3 Nxd4 $44 {does not seem correct.
Black's pair of Bishops, 2 pieces for the Rook and control of the d1-square
seem overwhelming.}) 20... Bxf3 21. gxf3 Nd4 {[#] A strong move, but not one I
had missed. Unfortuantely, Black's opening has been a massive success and now
he is enjoying a slightly better endgame with more than an hour ahead on the
clock. All these things combine to create a position that should be losing in
practical play, especially considering the psychological factors that almost
the entire game has been preparation!} 22. Nc3 Nxf3 23. Qxd8 Rexd8 24. Rfd1 (
24. Rad1 Nd2 25. Bh4 $1 {a move I had missed} Rd4 26. Bf2 Rd3 27. Rfe1 Bxc3 28.
bxc3 Ne4 $15 {Black is still clearly better.}) 24... Nd4 25. Bxd4 {Simplifying
again, mostly because of the time situation. I assumed the closer I got to a
rook endgame the better chances I stood to make a draw, but that is not always
the case.} Bxd4 26. Kg2 Rac8 27. Rab1 Bxc3 28. bxc3 b6 {[#] Although the
material is exactly level, there is no endgame more unpleasant than the one
that stands before me. White has 4 pawn islands and they are all isolated
pawns.} 29. c4 Kf7 30. Kf3 Ke6 31. Rxd8 Rxd8 {[#] The computer offers an
evaluation of a mere -0.4 but I considered this position to be completely lost.
} 32. Ke3 (32. Rb3 {is the magic move apparently, ruthlessly searching for
counterplay with Ra3:} Rc8 33. Re3+ Kf6 (33... Kd6 34. Rd3+ Kc6 35. h4 $11) 34.
Ra3 Rc7 35. Ra6 $11 {with Black's rook passive and the idea to play c5.}) 32...
Rc8 33. Rb4 Kd6 34. Kd4 Rf8 35. Ke4 Kc5 36. a3 Re8+ 37. Kd3 Rd8+ 38. Ke3 Rd6
39. h4 a5 40. Rb1 {[#] I finally made the time control, playing the last 10
moves on increment, but was now faced with a lost endgame. I decided to play
on out of spite and self pity mostly.} Kxc4 41. h5 b5 42. Rc1+ Kb3 43. Rc7 gxh5
({editor -} 43... Kxa3 $1 {also wins, but Black has to trust (or calculate)
that he gets the first check after both sides promote:} 44. h6 b4 45. Rxh7 b3
46. Rg7 (46. Rb7 Rd8 $19) 46... b2 (46... Rd1 {going to h1 also wins.}) 47. h7
b1=Q 48. h8=Q Qe1+ {and this first check leads to mate.}) 44. Rb7 {[#] I
realized my only hope for a draw was to liquidate pawns on the Queenside,
collect the remaining pawns on the Kingside, and somehow manage to sacrifice
my Rook for the remaining pawn.} b4 $5 45. axb4 a4 46. Rxh7 {At this point
both my opponent and I had the impression Black may have ruined his winning
chances. Jorden had a very long think here and came up with the accurate:} Rd5
$1 47. Ke4 Rb5 48. f5 {[%mdl 64] [#]Critical Position} h4 $2 (48... Rxb4+ $8 {
wins the game} 49. Ke5 (49. Kd5 h4 50. f6 a3 51. f7 Rf4 {access to the
f4-square is the major difference between this variation and what happened in
the game.} 52. Ke5 Rf2 53. Ke4 a2 54. f8=Q Rxf8 55. Rb7+ Kc2 56. Ra7 Kb2 57.
Rb7+ Ka1 {wins for Black.}) 49... h4 50. f6 a3 51. f7 a2 52. f8=Q a1=Q+ {
the check ensures that Black can deliver a checkmate.}) 49. f6 $8 $11 {Now the
game is drawn.} a3 50. f7 Rb8 51. Rxh4 a2 52. Rh1 Rf8 53. Kd5 $1 {[#] The move
my opponent missed, reminded us of a famous endgame study where White's King
starts on h8 and manages to assist his passed pawn on c6 while catching
Black's passed pawn on h5!} Rxf7 54. b5 Rh7 55. Ra1 Rh5+ 56. Kc6 Kb2 57. Rxa2+
Kxa2 58. b6 Rh6+ 59. Kc7 Rxb6 60. Kxb6 {This miraculous draw was the final
notch I needed for the GM norm. I did not know right after the game that it
would be enough, as it depended entirely on the ninth round pairing, but I
knew that I had been extremely lucky in this game. A definite lesson to stay
realistic and continue playing as long as you believe there are chances for
your opponent to slip up. Jorden went on to win his final two rounds in
convincing fashion and came 2nd place in the Reykjavik Open while I went on to
score 7/10 after drawing my final two rounds and securing my 10-round GM norm!}
1/2-1/2

[Event "Reykjavik Open"]
[Site "Reykjavik"]
[Date "2017.04.22"]
[Round "5"]
[White "Firat, Burak"]
[Black "Kleinman, Michael"]
[Result "0-1"]
[WhiteElo "2503"]
[BlackElo "2289"]
[Annotator "John Upper"]
[PlyCount "44"]
[EventDate "2017.??.??"]
[EventCountry "ISL"]

{[%mdl 32768]} 1. d4 Nf6 2. c4 g6 3. Nc3 d5 4. Nf3 Bg7 5. Qb3 {The Russian
System. White gets pawns on e4 and d4 in return for a few tempi off the
exposed Q. It doesn't get an advantage against the Grunfeld -- what does? --
but it keeps more pieces on the board than the direct-to-endgame lines with ...
Qa5+.} dxc4 6. Qxc4 O-O 7. e4 a6 {[#]} 8. Qa4 $5 {A rare move which was
semi-popular about 6 years ago, and which has the advantage of putting many
Black players (including Michael in this game) out of their prep.} (8. a4 {
doesn't stop ...b5, since after} b5 9. axb5 $2 axb5 {White's Q and R are
hanging.}) (8. e5 b5 9. Qb3 Nfd7 {is one of the main lines, when White has
tried all sorts of things, including:} 10. e6 (10. Ng5) (10. h4)) (8. Be2 b5 9.
Qb3 c5 10. dxc5 Be6 11. Qc2 Nbd7 12. Be3 Rc8 13. Rd1 b4 14. Nd5 Bxd5 15. exd5
Nxc5 16. O-O {is another mainline, when White has the B pair but Black does
just fine with Kaufman's recommended:} Qd6) 8... Bg4 (8... c5 $1 9. dxc5 Bd7
10. Qa3 (10. Qb3 a5 {with fine play for Black - Kaufman}) 10... Bc6 11. Nd2 $13
{½-½ (43) Wang,H (2742)-Grischuk,A (2754) London, 2012.}) 9. Be2 Nc6 10. d5
b5 11. Qd1 Na5 12. e5 ({Computers recommend:} 12. h3 Bxf3 13. Bxf3 c6 {with a
typical Russian System middlegame: White has the Bs, Black has active minors.})
12... Nd7 13. e6 {[#]} fxe6 $1 $146 (13... Bxf3 14. exf7+ Rxf7 15. Bxf3 Ne5 16.
Be2 c6 $13 {½-½ (46) Bartel,M (2653)-Borisek,J (2541) Porto Carras, 2011.})
14. Ng5 Bxe2 15. Qxe2 (15. Nxe2 $2 Nc5 16. Nf4 exd5 17. Nfe6 Nxe6 18. Nxe6 Qd6
19. Nxf8 Rxf8 $17 {Black's center pawns will rule.}) 15... Nc5 16. Nxe6 Bxc3+
$1 17. bxc3 Qxd5 {[#]} 18. Nxf8 $2 (18. Nxc5 $142 Qxc5 19. O-O Nc4 $15 {
Black's pawns and K are a bit loose, but he is up a P.}) 18... Qxg2 $1 $17 19.
Rf1 Rd8 $3 {Playing for mate rather than settling for comp.} (19... Rxf8 20.
Be3 Qc6 $17) 20. Qxe7 {[#]} Nd3+ $8 $19 ({Just to show some of Black's
attacking possibilities, there's a draw after:} 20... Rd1+ 21. Kxd1 Qxf1+ 22.
Qe1 $8 Qd3+ 23. Bd2 (23. Qd2 Qf3+ 24. Kc2 Qe4+ 25. Kd1 $11) 23... Qf3+ (23...
Nc4 24. Qe2 $8 Qd5 $13) 24. Qe2 Qh1+ 25. Be1 Qd5+ $11) 21. Ke2 {White is
losing, so the choice is the "best" way to lose. The game move allows a nice
mate with the Ns.} (21. Kd2 {loses to:} Nc6 $8 (21... Qxf1 $2 22. Qe6+ Kxf8 23.
Qf6+ (23. Ba3+ $2 Nc5+ $19) 23... Ke8 $8 $11) 22. Qe6+ Kxf8 23. Ba3+ (23. Qf6+
Kg8 24. Qe6+ Kg7 $19) 23... Ndb4+ (23... b4 $1) 24. Ke2 Re8 $19) 21... Qg4+ $8
22. Kd2 Nb4+ $1 ({White bowed to the inevitable:} 22... Nb4+ 23. Qxd8 (23. Ke1
Nc2#) 23... Nc4+ 24. Ke1 Nc2# {A nice win by Michael, who raised his score to
4/5 after 5 rounds; his only dropped points being a loss to GM Sergei
Movsesian (2677).}) 0-1

[Event "Reykjavik Open"]
[Site "Reykjavik"]
[Date "2017.04.26"]
[Round "9"]
[White "Doknjas, Joshua"]
[Black "L'Ami, Alina"]
[Result "1-0"]
[WhiteElo "2123"]
[BlackElo "2324"]
[Annotator "Joshua Doknjas"]
[PlyCount "127"]
[EventDate "2017.??.??"]
[EventCountry "ISL"]

{[%mdl 32768] Playing in the 2017 Reykjavik Open was a great experience. The
tournament was very well organized and it was exciting to play alongside some
of the top players in the world. One of the main drawbacks is that everything
in Iceland is very expensive, e.g., a regular hamburger was about $20 bucks.
The game I am annotating was played in the 9th round. At this point in the
tournament, I had 5/8, and I knew I had to win if I wanted to fight for some
of the category prizes.} 1. e4 c5 2. Nf3 d6 3. d4 cxd4 4. Nxd4 Nf6 5. Nc3 a6 6.
h3 e5 7. Nde2 {[#] Already at this point my opponent was spending a lot of
time. In my preparation, I saw that my opponent had barely any games where
White played 6. h3. I decided to spend most of my time looking at the main
line with 7... h5 and the sharper lines with 6... e6.} Be6 $6 {Especially if
this move is not followed up with ...d5, White should be getting a much better
position out of the opening.} 8. g4 Be7 9. Bg2 h6 10. Ng3 g6 $5 {[#] This move
really surprised me. 10... g6 seemed to just weaken the h6-pawn and prevent
Black from castling. Now, instead of playing a normal move like 11.Be3 or 11.
0-0, I looked for a way to really punish my opponent's last move.} 11. f4 $6 (
11. Be3 $142 $16 Nbd7 (11... Kf8 12. Qd2 Kg7 13. Nd5 $16) 12. Qd2 Nb6 13. b3
$16) 11... Qb6 $1 {I completely missed this move. I was expecting either 11...
exf4 or 11...Nc6. In both cases, White would have a much better position.
After 11...Qb6, White's position gets a lot harder to play.} (11... exf4 12.
Bxf4 $16) (11... Nc6 12. f5 $16) 12. f5 gxf5 13. Nxf5 $6 {I remember playing
this move fairly quickly. I thought that getting the Bishop pair would just
give White an advantage. However, as it turns out, Black has some dangerous
counterplay with ...d5.} (13. exf5 Bc4 $13) 13... Bxf5 14. exf5 {[#]} Nc6 ({
Playing ...d5 right here is an option for Black as well:} 14... d5 $5 15. Qe2 (
15. Nxd5 $2 Nxd5 16. Qxd5 Bh4+ $17 17. Ke2 (17. Kd1 Nc6 $19) 17... Qf2+ 18. Kd1
Nc6 $17) 15... d4 $13 (15... e4 $5 $13)) 15. Qe2 {[#]} ({Stopping Black's
counterplay with ...d5 makes more sense. However, during the game, I wasn't
really afraid of it.} 15. Nd5 Nxd5 16. Qxd5 $11) 15... d5 (15... Nd4 $1 $17 {
Playing this move before ...d5 forces White's queen into a bad position. Also,
Black's Knight on d4 will be a huge problem for White in some lines.} 16. Qf2 (
16. Qd3 d5 $15) 16... d5 17. O-O (17. Nxd5 $2 Nxd5 18. Bxd5 Qa5+ $19) (17. Bxd5
$2 Nxd5 18. Nxd5 Qa5+ (18... Qc6 {also wins.}) 19. Nc3 Bh4 $1 20. Qxh4 Nf3+ $19
) 17... Ne2+ 18. Kh1 Qxf2 {and Black is much better in this endgame.}) 16. Bxd5
{[#] I don't remember even looking at any move besides this. It seemed to me
that this was just more natural and stronger than 16. Nxd5.} Nxd5 (16... Nd4 $1
{Again, throwing in this move first would have been much better for Black.} 17.
Qg2 Nxd5 18. Nxd5 Qc5 19. Ne3 (19. Nc3 $2 Bh4+ 20. Kf1 O-O-O) 19... Bh4+ 20.
Kf1 O-O-O) 17. Nxd5 Qa5+ 18. Qd2 Bh4+ 19. Kf1 Qb5+ 20. Kg2 {[#]} Qc4 $2 {
This wasn't the best way for Black to show compensation for the pawn.} (20...
O-O-O 21. c4 $1 Qc5 $44 (21... Qxc4 $2 22. Nb6+ $18)) 21. Nc7+ Ke7 22. Nxa8
Qe4+ 23. Kh2 Nd4 {[#]} 24. f6+ $1 {Without this move, Black has dangerous
compensation for the Rook. White's idea is to divert Black's Bishop from the
attack or put Black's King into a bad position.} (24. Rf1 $2 Rc8 $1 {
activating the Rook first before ...Ne2.} (24... Ne2 $4 25. f6+ Bxf6 (25... Ke8
26. Nc7+ Kf8 27. Qd8#) 26. Re1 $18) 25. c3 Ne2 $44 26. Rg1 (26. f6+ Ke8 $11)
26... Bf2 $11) 24... Bxf6 (24... Kf8 25. Rf1 {and Black is unable to continue
the attack.}) 25. Rf1 Rxa8 26. Qf2 Qxc2 27. Bd2 Qg6 28. Bb4+ Ke6 29. Rae1 Rd8
30. Bc3 Nc6 31. Qb6 Rd7 {[#] Around here I was in serious time pressure and
finding a way to win without giving Black counterplay proved to be challenging.
} 32. Rf5 (32. Rxf6+ $5 $18 Qxf6 33. Rxe5+) 32... h5 33. Bxe5 (33. Rfxe5+ $1
Bxe5+ 34. Rxe5+ Kd6 35. Re2 $1 {and White threatens Bb4+ Qc5# During the game,
I didn't even consider 33.Rfxe5.}) 33... Rd2+ 34. Kh1 Bxe5 35. Rexe5+ (35.
Rfxe5+ Kd6 36. Re7 $18) 35... Kd6 36. g5 Rd1+ 37. Kg2 Qg7 {[#]} 38. Rf6+ $5 (
38. Qc5+ Kc7 39. Re7+ Kb8 {This is completely winning for White after either
Rook takes on f7, but with extremely low time on the clock, I thought that it
would be too dangerous to allow Black's Queen to come down to the 2nd rank.})
38... Kxe5 39. Qe3+ Kd5 40. Qf3+ Kc4 41. Qc3+ Kd5 42. Rd6+ Kxd6 43. Qxg7 Rd2+
44. Kf1 Nd8 45. Qh6+ Ke7 46. g6 Rd6 47. Qe3+ Kf6 48. Qf4+ Ke7 {[#]} 49. Qe5+ $2
{Right after I let go of my Queen, I realized I missed a much more
straightforward and nicer way to win. The endgame is still easily winning for
White as Black's pawns start to fall.} (49. Qxd6+ $1 Kxd6 50. g7 $18) 49... Re6
50. Qc7+ Ke8 51. gxf7+ Nxf7 52. Qxb7 Rf6+ 53. Kg2 Rg6+ 54. Kh2 Kf8 55. a4 Kg7
56. b4 h4 57. a5 Rg3 {[#]} 58. Qe7 Rg5 59. Qa7 Kg6 60. Qxa6+ Kf5 61. Qd3+ Kf6
62. Qf3+ Ke6 63. Qe4+ Ne5 64. a6 {After this game I had 6/9; and going into
the 10th and final round, I was leading the U2200 section and Top Junior
category. I was paired with GM Ramirez in the final round and lost. At the end
of the 2017 Reykjavik Open I won two prizes: U2200 - 2nd Place and Top Junior
- 2nd Place, (ahead of IM Praggnanandhaa Rameshbabu who placed 3rd, and IM
Awonder Liang who fell out of the top 3).} 1-0